000 01216nam a22002657a 4500
001 BRCA_9218
003 FranzMayer
005 20220809140051.0
008 220725b |||||||| |||| 00| 0 eng d
022 _a10351841
040 _bspa
_cMFM
041 _aeng
050 _aNK3700
_bC47 2004
245 0 0 _aCeramics :
_bArt and Perception
260 _aAustralia :
_bJanet Mansfield,
_c2004
300 _a118 p. :
_bil., fot. col. ;
_c18.5 x 26 cm.
310 _aTrimestral
362 _a1990-2021
440 _aCeramics : Art and Perception
_v55
_x10351841
_928497
500 _aUbicación: L59-N5
520 _aCeramics: Art and Perception establece el estándar como una revista dedicada al arte de la cerámica. Los artículos seleccionados y las reseñas solicitadas están escritos sobre una amplia gama de artistas internacionales y temas relevantes para la cerámica. Se tiene un punto de vista internacional y multicultural. Con temas que van desde lo funcional a lo efímero, lo tradicional a lo filosófico, lo provocativo y contemporáneo a lo histórico y lo crítico.
650 _aCerámica
_vRevistas
_xArte
_xDecoración y ornamentación
_928498
942 _2lcc
_cH
999 _c10837
_d10837